| 000 | 00000nam 2200000zi 4500 |
| 001 | 9.942238 |
| 003 | CaOODSP |
| 005 | 20250107150535 |
| 006 | m o d f |
| 007 | cr |n||||||||| |
| 008 | 240822e20241112onc ob f000 0 eng d |
| 020 | |a9780660732855 |
| 040 | |aCaOODSP|beng|erda|cCaOODSP |
| 043 | |an-cn--- |
| 086 | 1 |aH139-5/2024E-PDF |
| 245 | 00|aGuide to validation of terminal sterilization process of drugs (GUI-0074). |
| 264 | 1|a[Ottawa] : |bHealth Canada = Santé Canada, |c12 November 2024. |
| 264 | 4|c©2024 |
| 300 | |a1 online resource (41 pages) |
| 336 | |atext|btxt|2rdacontent |
| 337 | |acomputer|bc|2rdamedia |
| 338 | |aonline resource|bcr|2rdacarrier |
| 500 | |aIssued also in French under title: Guide de validation des procédés de stérilisation terminale des drogues (GUI-0074). |
| 500 | |a"Pub.: 240499." |
| 504 | |aIncludes bibliographical references (page 41). |
| 520 | |a"This guide is for fabricators of sterile drugs. It provides guidance on how to establish the scientific effectiveness of terminal sterilization processes"--Purpose, page 4. |
| 650 | 0|aDrugs |xSterilization|zCanada. |
| 710 | 1 |aCanada. |bHealth Canada, |eissuing body. |
| 775 | 08|tGuide de validation des procédés de stérilisation terminale des drogues (GUI-0074).|w(CaOODSP)9.942241 |
| 856 | 40|qPDF|s557 KB|uhttps://publications.gc.ca/collections/collection_2025/sc-hc/H139-5-2024-eng.pdf |
| 856 | 4 |qHTML|sN/A|uhttps://www.canada.ca/en/health-canada/services/drugs-health-products/compliance-enforcement/good-manufacturing-practices/guidance-documents/guide-validation-terminal-sterilization-process-drugs-gui-0074.html |